[Event "Montcalm II 2002-03"]
[Site "Quebec CAN"]
[Date "2002.10.24"]
[Round "2"]
[White "Boudreau, Daniel"]
[Black "Martineau, Michel"]
[Result "1-0"]
[WhiteElo "1992"]
[BlackElo "1865"]
[PlyCount "56"]
[EventDate "2002.10.17"]
[EventType "tourn"]
[EventRounds "5"]
[EventCountry "CAN"]

1. e4 d5 2. exd5 Nf6 3. Bb5+ Bd7 4. Be2 Nxd5 5. d4 Bf5 6. Nf3 e6 7. a3 Be7 8.
O-O Nd7 9. c4 N5f6 10. b4 c6 11. Qb3 O-O 12. h3 Qc7 13. Nh4 Be4 14. Nc3 h6 15.
Nxe4 Nxe4 16. Nf3 a5 17. Be3 axb4 18. axb4 Qb6 19. c5 Qc7 20. Bc4 Kh8 21. b5
Nef6 22. b6 Qc8 23. Bf4 Nd5 24. Bh2 Bf6 25. Qd3 Re8 26. Nd2 Rxa1 27. Rxa1 Nxc5
28. dxc5 Bxa1 1-0

[Event "Montcalm II 2002-03"]
[Site "Quebec CAN"]
[Date "2002.10.24"]
[Round "2"]
[White "Bourassa, Andre"]
[Black "Leroux, Alexis"]
[Result "1/2-1/2"]
[WhiteElo "1695"]
[BlackElo "1612"]
[PlyCount "65"]
[EventDate "2002.10.17"]
[EventType "tourn"]
[EventRounds "5"]
[EventCountry "CAN"]

1. d4 Nf6 2. c4 e6 3. Nc3 Bb4 4. Qc2 d5 5. e3 O-O 6. Nf3 c5 7. a3 Bxc3+ 8. bxc3
Qc7 9. Bd3 dxc4 10. Bxc4 Bd7 11. Ne5 Rc8 12. Bd2 Be8 13. O-O cxd4 14. exd4 Ng4
15. Bxe6 fxe6 16. Nxg4 Bb5 17. Rfe1 Bc4 18. Ne5 Bd5 19. Re3 Nc6 20. Nxc6 Qxc6
21. Rg3 Rc7 22. Rc1 b5 23. Bf4 Rf7 24. Be5 Raf8 25. Qd2 Be4 26. f3 Bg6 27. Qe2
Rc8 28. Qb2 a5 29. f4 Rb7 30. Qa2 Be4 31. Re1 Bf5 32. Qb3 Qd5 33. Qxd5 1/2-1/2

[Event "Montcalm II 2002-03"]
[Site "Quebec CAN"]
[Date "2002.10.24"]
[Round "2"]
[White "Fecteau, Martin"]
[Black "Audet-Bouchard, Nicolas"]
[Result "0-1"]
[WhiteElo "1979"]
[BlackElo "2005"]
[PlyCount "70"]
[EventDate "2002.10.17"]
[EventType "tourn"]
[EventRounds "5"]
[EventCountry "CAN"]

1. d4 Nf6 2. c4 e6 3. Nf3 b6 4. a3 Bb7 5. Nc3 d5 6. Bg5 Be7 7. e3 Nbd7 8. cxd5
Nxd5 9. Bxe7 Qxe7 10. Rc1 c5 11. dxc5 Nxc5 12. Bb5+ Nd7 13. Nxd5 Bxd5 14. Rc7
Rd8 15. Ne5 O-O 16. Rxd7 Rxd7 17. Nxd7 Rd8 18. Qa4 Bxg2 19. Rg1 Bf3 20. Rg3 Bh5
21. f3 f6 22. Qh4 Bg6 23. Rg2 a6 24. Bc6 Rc8 25. Qa4 Qd6 26. Nxb6 Rxc6 27. Nc4
Qd5 28. b3 Qxf3 29. Rf2 Qd5 30. Qb4 Rc8 31. Qd2 Bd3 32. Qc3 Qh1+ 33. Kd2 Rd8
34. Nd6 Bg6 35. Qc7 Qd5+ 0-1

[Event "Montcalm II 2002-03"]
[Site "Quebec CAN"]
[Date "2002.10.24"]
[Round "2"]
[White "Sauve, Richard"]
[Black "Auger, Bertrand"]
[Result "0-1"]
[WhiteElo "1960"]
[BlackElo "2021"]
[PlyCount "112"]
[EventDate "2002.10.17"]
[EventType "tourn"]
[EventRounds "5"]
[EventCountry "CAN"]

1. d4 Nf6 2. c4 e6 3. Nc3 Bb4 4. Qc2 O-O 5. a3 Bxc3+ 6. Qxc3 b6 7. Bg5 Bb7 8.
Nf3 d6 9. e3 Nbd7 10. Be2 Rc8 11. Qb3 c5 12. O-O Qc7 13. Rfd1 Rfe8 14. Rac1 h6
15. Bh4 Ne4 16. Nd2 e5 17. Nxe4 Bxe4 18. dxe5 dxe5 19. Rd2 f6 20. Rcd1 Nf8 21.
f3 Bg6 22. Bg3 Rcd8 23. Bd3 Bxd3 24. Rxd3 Rxd3 25. Qxd3 Ne6 26. Qd5 Qf7 27. Qc6
Re7 28. Rd6 Nf8 29. b3 Re6 30. Qd5 Rxd6 31. Qxd6 Ne6 32. Be1 Nf8 33. Kf1 Qe6
34. Qd5 Kf7 35. e4 Ke7 36. Ke2 Qd6 37. Qb7+ Qd7 38. Qxd7+ Kxd7 39. b4 Ne6 40.
Bd2 Kd6 41. Kd3 Kc6 42. Be3 Kd6 43. g3 g5 44. g4 Nd4 45. f4 gxf4 46. Bf2 Ke6
47. bxc5 bxc5 48. h3 Kd6 49. Bh4 Ke7 50. Be1 Nf3 51. Bf2 Kd6 52. Ke2 Nd4+ 53.
Kd3 Nf3 54. Ke2 Ng5 55. Bh4 Nxe4 56. Kd3 Ng5 0-1

[Event "Montcalm II 2002-03"]
[Site "Quebec CAN"]
[Date "2002.10.31"]
[Round "3"]
[White "Auger, Bertrand"]
[Black "Fecteau, Martin"]
[Result "1-0"]
[WhiteElo "2021"]
[BlackElo "1979"]
[PlyCount "95"]
[EventDate "2002.10.17"]
[EventType "tourn"]
[EventRounds "5"]
[EventCountry "CAN"]

1. d4 Nf6 2. g3 d5 3. Bg2 g6 4. Nf3 Bg7 5. O-O O-O 6. b3 c5 7. Bb2 cxd4 8. Nxd4
Nc6 9. Nxc6 bxc6 10. Nd2 Qb6 11. c4 Bb7 12. Qc2 Rac8 13. e3 e6 14. Be5 Nd7 15.
Bxg7 Kxg7 16. Rfd1 a5 17. Qc3+ Kg8 18. Ne4 Qc7 19. cxd5 cxd5 20. Qxc7 Rxc7 21.
Nd6 Ba6 22. Rdc1 Nc5 23. Rc3 Rc6 24. Rac1 Rxd6 25. Rxc5 a4 26. b4 Bc4 27. a3
Rdd8 28. Ra5 Bb3 29. Bf1 Rc8 30. Rac5 Rxc5 31. Rxc5 Rd8 32. Bd3 e5 33. Kf1 e4
34. Ba6 Rd6 35. b5 Bc4+ 36. Ke1 Rb6 37. Kd2 Kf8 38. Kc3 Ke7 39. Kb4 Kd6 40. Rc8
Kd7 41. Ra8 Rf6 42. Ka5 Rxf2 43. b6 Bxa6 44. Kxa6 d4 45. b7 dxe3 46. b8=Q e2
47. Qe8+ Kd6 48. Qxe4 1-0

[Event "Montcalm II 2002-03"]
[Site "Quebec CAN"]
[Date "2002.10.31"]
[Round "3"]
[White "Berube, Antoine"]
[Black "Bourassa, Andre"]
[Result "0-1"]
[WhiteElo "1643"]
[BlackElo "1695"]
[PlyCount "104"]
[EventDate "2002.10.17"]
[EventType "tourn"]
[EventRounds "5"]
[EventCountry "CAN"]

1. d4 d5 2. c4 e6 3. Nc3 Nf6 4. cxd5 exd5 5. e3 c6 6. Bd3 Bd6 7. h3 O-O 8. Nf3
h6 9. a3 Re8 10. Qc2 Qe7 11. b4 Ne4 12. Bxe4 dxe4 13. Nd2 f5 14. Nc4 Bc7 15. b5
cxb5 16. Nxb5 Be6 17. Bd2 a6 18. Bb4 Qd7 19. Nbd6 Bxd6 20. Nxd6 Rd8 21. Bc5 Qc6
22. Nc4 Nd7 23. Na5 Qc7 24. Nb3 b6 25. Rc1 bxc5 26. Nxc5 Qa5+ 27. Ke2 Rac8 28.
Qa4 Qxa4 29. Nxa4 Bb3 30. Nc5 Nxc5 31. dxc5 Rd3 32. Rhe1 Ba4 33. c6 Rxc6 34.
Rxc6 Bxc6 35. Ra1 Bb5 36. Ke1 Rb3 37. a4 Bd3 38. Ra2 Rb1+ 39. Kd2 Bf1 40. g3
Bxh3 41. Kc3 Bf1 42. Kd4 Kf7 43. Ke5 Kg6 44. Kd4 Kg5 45. Ke5 Re1 46. Rb2 Re2
47. Rxe2 Bxe2 48. a5 Kg4 49. Ke6 h5 50. Ke5 g5 51. Kf6 h4 52. Ke5 h3 0-1

[Event "Montcalm II 2002-03"]
[Site "Quebec CAN"]
[Date "2002.10.31"]
[Round "3"]
[White "Martineau, Michel"]
[Black "Sauve, Richard"]
[Result "0-1"]
[WhiteElo "1865"]
[BlackElo "1960"]
[PlyCount "56"]
[EventDate "2002.10.17"]
[EventType "tourn"]
[EventRounds "5"]
[EventCountry "CAN"]

1. d4 d5 2. e4 e6 3. Nc3 Nf6 4. e5 Nfd7 5. Nf3 c5 6. dxc5 Nc6 7. Bf4 Bxc5 8.
Bd3 f6 9. exf6 Nxf6 10. O-O O-O 11. Ne5 Nxe5 12. Bxe5 Bd7 13. Qe2 Qb6 14. a4 a6
15. a5 Qb4 16. h3 Qh4 17. Kh2 Rac8 18. g3 Qh5 19. Qxh5 Nxh5 20. f4 g6 21. Rfe1
Bf2 22. Rg1 Bxg1+ 23. Rxg1 Nf6 24. g4 Bc6 25. f5 Ne4 26. Nxe4 dxe4 27. Bc4 Bd5
28. Bxd5 Rxc2+ 0-1

[Event "Montcalm II 2002-03"]
[Site "Quebec CAN"]
[Date "2002.11.07"]
[Round "4"]
[White "Auger, Bertrand"]
[Black "Martineau, Michel"]
[Result "1/2-1/2"]
[WhiteElo "2021"]
[BlackElo "1865"]
[PlyCount "121"]
[EventDate "2002.10.17"]
[EventType "tourn"]
[EventRounds "5"]
[EventCountry "CAN"]

1. Nf3 g6 2. g3 Bg7 3. c4 e5 4. Nc3 d6 5. Bg2 f5 6. d3 Nf6 7. O-O O-O 8. Qc2 c6
9. c5 Na6 10. cxd6 Qxd6 11. a3 h6 12. b4 Nc7 13. Bb2 Bd7 14. Na4 Rae8 15. Qc5
Qxc5 16. Nxc5 b6 17. Nxd7 Nxd7 18. Nd2 c5 19. Rfc1 Na6 20. Bb7 Ndb8 21. Nb3
cxb4 22. Bxa6 Nxa6 23. axb4 Nxb4 24. Rxa7 Ra8 25. Rb7 Nd5 26. e4 Nb4 27. Rcc7
Bh8 28. Nc1 Rfc8 29. Kf1 Rxc7 30. Rxc7 Rd8 31. Ke2 Bf6 32. Rc4 Na6 33. Rc6 Kf7
34. Rxb6 Nc5 35. exf5 gxf5 36. f4 Nd7 37. Rb7 Kg6 38. fxe5 Nxe5 39. Bxe5 Bxe5
40. Kf3 h5 41. Rb6+ Kg7 42. h4 Rd7 43. Rb3 Kf6 44. Ne2 Rd6 45. d4 Bxd4 46. Rd3
Bc5 47. Rxd6+ Bxd6 48. Nf4 Bb8 49. Nxh5+ Kg6 50. Nf4+ Kh6 51. Nd5 Kg6 52. Nf4+
Kh6 53. Ke3 Ba7+ 54. Kd3 Bb6 55. Kc4 Bf2 56. Ne2 f4 57. gxf4 Bxh4 58. Kd5 Kg7
59. Ke6 Bf6 60. Ng3 Bb2 61. f5 1/2-1/2

[Event "Montcalm II 2002-03"]
[Site "Quebec CAN"]
[Date "2002.11.07"]
[Round "4"]
[White "Bourassa, Andre"]
[Black "Foucreault, Laurent"]
[Result "1-0"]
[WhiteElo "1695"]
[BlackElo "1495"]
[PlyCount "51"]
[EventDate "2002.10.17"]
[EventType "tourn"]
[EventRounds "5"]
[EventCountry "CAN"]

1. d4 Nf6 2. c4 g6 3. Nc3 d5 4. cxd5 Nxd5 5. e4 Nxc3 6. bxc3 Bg7 7. Bc4 O-O 8.
Ne2 c5 9. O-O cxd4 10. cxd4 Nc6 11. Be3 a6 12. Rc1 e6 13. a4 Bd7 14. d5 exd5
15. Bxd5 Be6 16. Bxc6 bxc6 17. Rxc6 Qxd1 18. Rxd1 Bb3 19. Rdc1 Bxa4 20. Rb6
Rfd8 21. f3 Rd3 22. Kf2 Bb5 23. Nf4 Rd7 24. Nd5 Rc8 25. Rxc8+ Bf8 26. Bh6 1-0

[Event "Montcalm II 2002-03"]
[Site "Quebec CAN"]
[Date "2002.11.07"]
[Round "4"]
[White "Fecteau, Martin"]
[Black "Boudreau, Daniel"]
[Result "1-0"]
[WhiteElo "1979"]
[BlackElo "1992"]
[PlyCount "75"]
[EventDate "2002.10.17"]
[EventType "tourn"]
[EventRounds "5"]
[EventCountry "CAN"]

1. d4 Nf6 2. c4 e6 3. Nf3 b6 4. a3 Be7 5. Nc3 Bb7 6. d5 d6 7. e4 O-O 8. Bd3 a5
9. O-O e5 10. h3 Nbd7 11. Be3 Nh5 12. g3 g6 13. Qc2 Nc5 14. Be2 Bc8 15. b4 Nb7
16. Kh2 f5 17. exf5 Bxf5 18. Qd2 Nf6 19. Ng5 Qc8 20. Bf3 Nd8 21. Bg2 h5 22. c5
bxc5 23. bxc5 Rb8 24. cxd6 cxd6 25. Nce4 Nxe4 26. Nxe4 Qc4 27. Rfc1 Qa4 28. Qc2
Qxc2 29. Rxc2 Nf7 30. Rc7 Bd8 31. Rc6 Bd7 32. Ra6 Bb5 33. Ra7 Bc4 34. Nd2 Bd3
35. Rc1 Rb2 36. Rc3 Be2 37. Ne4 Ra2 38. Rb3 1-0

[Event "Montcalm II 2002-03"]
[Site "Quebec CAN"]
[Date "2002.11.07"]
[Round "4"]
[White "Sauve, Richard"]
[Black "Audet-Bouchard, Nicolas"]
[Result "1-0"]
[WhiteElo "1960"]
[BlackElo "2005"]
[PlyCount "99"]
[EventDate "2002.10.17"]
[EventType "tourn"]
[EventRounds "5"]
[EventCountry "CAN"]

1. d4 Nf6 2. c4 e6 3. Nc3 Bb4 4. Qc2 c5 5. dxc5 Bxc5 6. Nf3 d5 7. cxd5 exd5 8.
Bg5 Qb6 9. e3 Nc6 10. Bxf6 Nb4 11. Qa4+ Bd7 12. Bb5 Bxb5 13. Qxb5+ Qxb5 14.
Nxb5 Nc2+ 15. Kd2 Nxa1 16. Bd4 Nb3+ 17. axb3 Bxd4 18. Nfxd4 Ke7 19. Rc1 a6 20.
Nf5+ Ke6 21. Nbd4+ Kd7 22. Nxg7 Rhg8 23. Ndf5 Rac8 24. Rxc8 Rxc8 25. Nh5 Rc6
26. g3 Rg6 27. h4 Ke6 28. Nf4+ Kxf5 29. Nxg6 fxg6 30. Kd3 Ke5 31. g4 b6 32. f4+
Ke6 33. Kd4 a5 34. e4 dxe4 35. Kxe4 Kf6 36. f5 gxf5+ 37. gxf5 Kf7 38. Ke5 Ke7
39. f6+ Kf7 40. Kf5 Kf8 41. Ke6 Ke8 42. Kf5 Kf7 43. Kg5 Ke6 44. h5 b5 45. b4
axb4 46. b3 Kf7 47. Kf5 Kf8 48. Ke6 Ke8 49. f7+ Kf8 50. Kf6 1-0

[Event "Montcalm II 2002-03"]
[Site "Quebec CAN"]
[Date "2002.11.14"]
[Round "5"]
[White "Audet-Bouchard, Nicolas"]
[Black "Auger, Bertrand"]
[Result "0-1"]
[WhiteElo "2005"]
[BlackElo "2021"]
[PlyCount "70"]
[EventDate "2002.10.17"]
[EventType "tourn"]
[EventRounds "5"]
[EventCountry "CAN"]

1. e4 e6 2. d4 d5 3. Nc3 dxe4 4. Nxe4 Bd7 5. Nf3 Bc6 6. Bd3 Nd7 7. O-O Ngf6 8.
Neg5 Bd6 9. Re1 h6 10. Nh3 Bxf3 11. Qxf3 c6 12. Nf4 Qa5 13. c3 O-O 14. Qh3 Rfe8
15. b4 Qc7 16. Nh5 Nxh5 17. Qxh5 Bf4 18. Bxf4 Qxf4 19. Re3 Nf6 20. Qe2 Qd6 21.
Re1 g6 22. Qc2 Kg7 23. f4 Rad8 24. Rf1 Re7 25. Rh3 Rg8 26. Rff3 a6 27. Qf2 h5
28. Qh4 Nh7 29. f5 exf5 30. Bxf5 Qf6 31. Qg4 Ng5 32. Rf1 gxf5 33. Rxh5 Kf8 34.
Qh4 Re4 35. Rh6 Nf3+ 0-1

[Event "Montcalm II 2002-03"]
[Site "Quebec CAN"]
[Date "2002.11.14"]
[Round "5"]
[White "Boudreau, Daniel"]
[Black "Sauve, Richard"]
[Result "1-0"]
[WhiteElo "1992"]
[BlackElo "1960"]
[PlyCount "69"]
[EventDate "2002.10.17"]
[EventType "tourn"]
[EventRounds "5"]
[EventCountry "CAN"]

1. e4 e6 2. d4 d5 3. Nc3 Nf6 4. e5 Nfd7 5. f4 c5 6. Nf3 Nc6 7. Be3 cxd4 8. Nxd4
Bc5 9. Qd2 O-O 10. O-O-O a6 11. h4 Nxd4 12. Bxd4 b5 13. Rh3 b4 14. Na4 Bxd4 15.
Qxd4 f6 16. exf6 Qxf6 17. Qxf6 Rxf6 18. g3 Bb7 19. b3 Rc8 20. Rh2 a5 21. Bd3
Bc6 22. Nb2 Nc5 23. Re1 a4 24. Kd2 a3 25. Nd1 Be8 26. h5 Bd7 27. c3 Nxb3+ 28.
axb3 a2 29. Ne3 Ba4 30. Bc2 bxc3+ 31. Kd3 Bb5+ 32. Kd4 Rf7 33. Ra1 Ra7 34. Bd1
Rca8 35. Rc2 1-0

[Event "Montcalm II 2002-03"]
[Site "Quebec CAN"]
[Date "2002.11.14"]
[Round "5"]
[White "Leclerc, Jean-Francois"]
[Black "Bourassa, Andre"]
[Result "1-0"]
[WhiteElo "1480"]
[BlackElo "1695"]
[PlyCount "57"]
[EventDate "2002.10.17"]
[EventType "tourn"]
[EventRounds "5"]
[EventCountry "CAN"]

1. e4 c5 2. Nf3 d6 3. d4 cxd4 4. Nxd4 Nf6 5. Nc3 a6 6. Bg5 e6 7. f4 Be7 8. Qf3
Qb6 9. O-O-O Nc6 10. Nb3 Bd7 11. Bxf6 gxf6 12. Nd2 Nd4 13. Nc4 Qc5 14. Qd3 e5
15. Ne2 b5 16. Ne3 Nxe2+ 17. Bxe2 Be6 18. Kb1 Rc8 19. f5 Bd7 20. Nd5 a5 21. c3
Bd8 22. Qg3 Bc6 23. Qg7 Rf8 24. Qxh7 b4 25. Bf3 Bb5 26. Bh5 bxc3 27. Bxf7+ Kd7
28. Be6+ Kc6 29. Qd7# 1-0

[Event "Montcalm III 2002-03"]
[Site "Quebec CAN"]
[Date "2002.11.21"]
[Round "1"]
[White "Bourassa, Andre"]
[Black "Belleau, Francois"]
[Result "1-0"]
[WhiteElo "1664"]
[BlackElo "1215"]
[PlyCount "61"]
[EventDate "2002.11.21"]
[EventType "swiss"]
[EventRounds "5"]
[EventCountry "CAN"]

1. d4 d5 2. c4 dxc4 3. e4 Nc6 4. d5 Ne5 5. Bf4 Qd6 6. Qd4 Nd3+ 7. Bxd3 Qxf4 8.
Qxc4 Bd7 9. Ne2 Qe5 10. Nbc3 a6 11. f4 Qh5 12. Qxc7 b5 13. Qb7 Rc8 14. Qxa6 e5
15. O-O Bc5+ 16. Kh1 Nh6 17. Nxb5 Ng4 18. h3 Nf2+ 19. Rxf2 Bxf2 20. Nd6+ Ke7
21. Nxc8+ Rxc8 22. f5 g5 23. f6+ Ke8 24. Qd6 Bc5 25. Qxe5+ Kd8 26. d6 Bxd6 27.
Qxd6 Rc6 28. Qb8+ Bc8 29. Bb5 Rc2 30. Rd1+ Rd2 31. Qb6# 1-0

[Event "Montcalm III 2002-03"]
[Site "Quebec CAN"]
[Date "2002.11.21"]
[Round "1"]
[White "Grant, James"]
[Black "Auger, Bertrand"]
[Result "0-1"]
[WhiteElo "1514"]
[BlackElo "2097"]
[PlyCount "74"]
[EventDate "2002.11.21"]
[EventType "swiss"]
[EventRounds "5"]
[EventCountry "CAN"]

1. d4 Nf6 2. c4 e6 3. Nc3 Bb4 4. Qc2 O-O 5. Nf3 b6 6. a3 Bxc3+ 7. Qxc3 Ne4 8.
Qc2 Bb7 9. g3 d5 10. b3 Nd7 11. Bb2 dxc4 12. bxc4 c5 13. Bg2 cxd4 14. Nxd4 Ndc5
15. f3 Nd6 16. Rd1 Qe8 17. Nb3 Qc6 18. Nxc5 Qxc5 19. Qc3 f6 20. Rc1 Rac8 21.
Qd3 Nxc4 22. Bd4 Qd5 23. O-O e5 24. Bf2 Qxd3 25. exd3 Nd2 26. Rxc8 Rxc8 27. Rd1
Nxf3+ 28. Kh1 Rc2 29. Bg1 Bc6 30. Rf1 Nxh2 31. Rf2 Rxf2 32. Bxc6 Ng4 33. Bd7 f5
34. Bxf2 Nxf2+ 35. Kg2 Ng4 36. Kf3 e4+ 37. Kf4 e3 0-1

[Event "Montcalm III 2002-03"]
[Site "Quebec CAN"]
[Date "2002.11.21"]
[Round "1"]
[White "Laplante, Jean-Simon"]
[Black "Girard, Robin"]
[Result "0-1"]
[WhiteElo "1454"]
[BlackElo "2266"]
[PlyCount "68"]
[EventDate "2002.11.21"]
[EventType "swiss"]
[EventRounds "5"]
[EventCountry "CAN"]

1. e4 c5 2. Nf3 d6 3. d4 cxd4 4. Nxd4 Nf6 5. Nc3 a6 6. Bc4 e6 7. O-O b5 8. Bd3
Bb7 9. Re1 Nbd7 10. a3 Be7 11. Bd2 Rc8 12. Na2 Nc5 13. Rc1 Nfxe4 14. Bxe4 Nxe4
15. Be3 O-O 16. b4 Bd5 17. f3 Nc3 18. Nxc3 Rxc3 19. Nb3 Bxb3 20. cxb3 Rxe3 21.
Rxe3 Qb6 22. Qd3 Bg5 23. Rce1 Bxe3+ 24. Rxe3 Rc8 25. Kf2 Qc6 26. Re2 d5 27. Ra2
g6 28. a4 bxa4 29. Rxa4 Qb6+ 30. Ke2 Qg1 31. Rxa6 Rc1 32. Qd2 d4 33. Qh6 Qf1+
34. Kd2 Qd1# 0-1

[Event "Montcalm III 2002-03"]
[Site "Quebec CAN"]
[Date "2002.11.28"]
[Round "2"]
[White "Auger, Bertrand"]
[Black "Bourassa, Andre"]
[Result "1-0"]
[WhiteElo "2097"]
[BlackElo "1664"]
[PlyCount "97"]
[EventDate "2002.11.21"]
[EventType "swiss"]
[EventRounds "5"]
[EventCountry "CAN"]

1. Nf3 d5 2. c4 e6 3. g3 g6 4. Bg2 Bg7 5. O-O Ne7 6. d4 O-O 7. cxd5 exd5 8. Nc3
c6 9. Bf4 h6 10. Be5 f6 11. Bf4 g5 12. Bd2 Bf5 13. Qb3 Qc7 14. e4 Be6 15. Rfe1
Bf7 16. e5 Re8 17. e6 Bg6 18. Rac1 Qb6 19. Qa3 Na6 20. Nd1 Qc7 21. Ba5 Qc8 22.
Bd2 Nc7 23. Nc3 Nxe6 24. Nb5 Bf8 25. Qa5 b6 26. Qb4 Nf5 27. Qb3 Qd7 28. Rxe6
Rxe6 29. Nc3 Nd6 30. Bh3 f5 31. Ne5 Qe8 32. Bg2 Ne4 33. Nxe4 fxe4 34. Nxc6 Rxc6
35. Qxd5+ Re6 36. Bh3 Bf7 37. Rc7 Rf6 38. Rxf7 Qxf7 39. Qxa8 Rxf2 40. Bb4 Rxb2
41. Be6 Qxe6 42. Qxf8+ Kh7 43. d5 Qd7 44. d6 Rb1+ 45. Kg2 Kg6 46. Qg8+ Kh5 47.
Bc3 Qxd6 48. Qf7+ Qg6 49. g4+ 1-0

[Event "Montcalm III 2002-03"]
[Site "Quebec CAN"]
[Date "2002.11.28"]
[Round "2"]
[White "Dussault, Jean-Charles"]
[Black "Laplante, Jean-Simon"]
[Result "1-0"]
[WhiteElo "1419"]
[BlackElo "1454"]
[PlyCount "62"]
[EventDate "2002.11.21"]
[EventType "swiss"]
[EventRounds "5"]
[EventCountry "CAN"]

1. e4 c5 2. d4 cxd4 3. c3 dxc3 4. Nxc3 Nc6 5. Nf3 d6 6. Bc4 e6 7. O-O a6 8. a3
Nf6 9. Qe2 Qc7 10. Rd1 Be7 11. Be3 O-O 12. Rac1 b5 13. Ba2 Bb7 14. Nd5 exd5 15.
exd5 Nxd5 16. Bxd5 Rac8 17. Qd2 Qd7 18. Bf4 Rfd8 19. Ng5 Ne5 20. Rxc8 Bxc8 21.
Bxe5 Bxg5 22. Qxg5 dxe5 23. Bxf7+ Kxf7 24. Qxd8 Qg4 25. f3 Qf5 26. Qd5+ Be6 27.
Qb7+ Kg6 28. Qxa6 Kf6 29. Qxb5 Qg6 30. Qd3 Bf5 31. Qd6+ Kg5 1-0

[Event "Montcalm III 2002-03"]
[Site "Quebec CAN"]
[Date "2002.11.28"]
[Round "2"]
[White "Girard, Robin"]
[Black "Dion, Jean-Francois"]
[Result "1-0"]
[WhiteElo "2266"]
[BlackElo "1707"]
[PlyCount "58"]
[EventDate "2002.11.21"]
[EventType "swiss"]
[EventRounds "5"]
[EventCountry "CAN"]

1. e4 d6 2. d4 Nf6 3. Nc3 c6 4. f4 Qa5 5. Bd3 e5 6. Nf3 Bg4 7. Be3 Be7 8. O-O
O-O 9. h3 Bd7 10. fxe5 dxe5 11. Nxe5 Be6 12. Ne2 Nbd7 13. Nxd7 Bxd7 14. c4 h6
15. e5 Nh7 16. Ng3 Rad8 17. Qh5 f5 18. Bxf5 Bxf5 19. Nxf5 Bg5 20. Bxg5 Nxg5 21.
Qg6 Rxf5 22. Rxf5 Qd2 23. Raf1 Nxh3+ 24. gxh3 Qxd4+ 25. Kh1 Qe4+ 26. Qg2 Qxc4
27. b3 Qc3 28. Qf3 Qb4 29. Qg4 Qd2 1-0

[Event "Montcalm III 2002-03"]
[Site "Quebec CAN"]
[Date "2002.11.28"]
[Round "2"]
[White "Lapierre, Gaetan"]
[Black "Saint Amand, Paul"]
[Result "0-1"]
[WhiteElo "1758"]
[BlackElo "2109"]
[PlyCount "106"]
[EventDate "2002.11.21"]
[EventType "swiss"]
[EventRounds "5"]
[EventCountry "CAN"]

1. e4 c5 2. Nf3 d6 3. d4 cxd4 4. Nxd4 Nf6 5. Nc3 a6 6. f4 Qc7 7. Be2 g6 8. O-O
Bg7 9. Kh1 O-O 10. Be3 Nbd7 11. Bf3 Nb6 12. Nce2 Nc4 13. Bc1 Ng4 14. Qd3 e5 15.
Bxg4 Bxg4 16. Nf3 d5 17. Nxe5 Nxe5 18. fxe5 Qxe5 19. Ng3 dxe4 20. Qxe4 Qxe4 21.
Nxe4 Bf5 22. Nc3 Bxc2 23. Bg5 f6 24. Bh4 Rad8 25. Rf2 Bf5 26. h3 h5 27. Raf1
Rd4 28. Bg3 Re8 29. Bf4 b5 30. Ne2 Rd3 31. Nc1 Rd5 32. Bd2 Be4 33. Bc3 f5 34.
Bxg7 Kxg7 35. Nb3 Red8 36. Rc1 Rd1+ 37. Rxd1 Rxd1+ 38. Kh2 Rd5 39. Nd2 Rd4 40.
a3 Bd5 41. Kg1 Kf6 42. Kf1 a5 43. Ke2 Ke5 44. Ke1 b4 45. axb4 Rxb4 46. Nb1 Rf4
47. Rd2 Bc4 48. Rf2 Rxf2 49. Kxf2 h4 50. Nd2 Bd5 51. Nf1 Kd4 52. g3 hxg3+ 53.
Kxg3 g5 0-1

[Event "Montcalm III 2002-03"]
[Site "Quebec CAN"]
[Date "2002.12.05"]
[Round "3"]
[White "Angers, Gilles"]
[Black "Auger, Bertrand"]
[Result "1/2-1/2"]
[WhiteElo "2025"]
[BlackElo "2097"]
[PlyCount "55"]
[EventDate "2002.11.21"]
[EventType "swiss"]
[EventRounds "5"]
[EventCountry "CAN"]

1. e4 e6 2. d4 d5 3. Nc3 Bb4 4. e5 Qd7 5. Bd2 b6 6. Bb5 c6 7. Ba4 Ba6 8. Nce2
Bxd2+ 9. Qxd2 Ne7 10. Nf3 O-O 11. O-O Qc7 12. c3 Nd7 13. Rfe1 Rfc8 14. Ng3 Nf8
15. Nh5 Neg6 16. Qg5 h6 17. Qe3 Qe7 18. g3 c5 19. h4 cxd4 20. Nxd4 Rc4 21. Bb3
Rc7 22. f4 Qc5 23. f5 exf5 24. Nxf5 Ne6 25. Rad1 Rd8 26. Qxc5 Rxc5 27. Nd6 Nxe5
28. Rxe5 1/2-1/2

[Event "Montcalm III 2002-03"]
[Site "Quebec CAN"]
[Date "2002.12.05"]
[Round "3"]
[White "Audet-Bouchard, Nicolas"]
[Black "Girard, Robin"]
[Result "1-0"]
[WhiteElo "2002"]
[BlackElo "2266"]
[PlyCount "103"]
[EventDate "2002.11.21"]
[EventType "swiss"]
[EventRounds "5"]
[EventCountry "CAN"]

1. e4 c5 2. Nf3 d6 3. c3 Nf6 4. Be2 g6 5. O-O Bg7 6. Re1 O-O 7. Bf1 Nc6 8. d4
cxd4 9. cxd4 Bg4 10. d5 Ne5 11. Nbd2 Rc8 12. h3 Bxf3 13. Nxf3 Nxf3+ 14. Qxf3
Nd7 15. Qa3 Qb6 16. Rb1 Bd4 17. Be3 Ne5 18. Bxd4 Qxd4 19. Qe3 Qxe3 20. Rxe3 Rc2
21. f4 Nd7 22. Bd3 Rd2 23. Bb5 Nf6 24. Rb3 Re2 25. e5 dxe5 26. Ra3 Rd2 27. fxe5
Nxd5 28. Rxa7 Rc8 29. Ba4 Ne3 30. Rxb7 Rxg2+ 31. Kh1 Re2 32. Rxe7 Nf5 33. Re8+
Rxe8 34. Bxe8 Rxe5 35. Bc6 Nd4 36. Bg2 Re2 37. a4 Nb3 38. Bd5 Nc5 39. a5 Rd2
40. Bg2 Na6 41. Bf1 Nb4 42. a6 Rd7 43. Ra1 Ra7 44. Ra4 Nd5 45. b4 Kf8 46. b5
Ke7 47. Rc4 f5 48. Rc6 Kd7 49. Bg2 Ne7 50. Rf6 Rc7 51. b6 Rc1+ 52. Kh2 1-0

[Event "Montcalm III 2002-03"]
[Site "Quebec CAN"]
[Date "2002.12.05"]
[Round "3"]
[White "Bourassa, Andre"]
[Black "Pothier, Louis"]
[Result "1-0"]
[WhiteElo "1664"]
[BlackElo "1342"]
[PlyCount "51"]
[EventDate "2002.11.21"]
[EventType "swiss"]
[EventRounds "5"]
[EventCountry "CAN"]

1. d4 d5 2. c4 e6 3. Nc3 Bb4 4. a3 Bxc3+ 5. bxc3 c6 6. e3 f5 7. Nf3 Nf6 8. Bd3
O-O 9. O-O Bd7 10. Qb3 Qc7 11. Ne5 Be8 12. a4 Nbd7 13. Ba3 Nxe5 14. dxe5 Nd7
15. Bd6 Qb6 16. Qxb6 Nxb6 17. Bxf8 dxc4 18. Bxf5 Bf7 19. Bxh7+ Kxf8 20. Be4 Nd7
21. f4 Nc5 22. Bc2 g6 23. h3 Rd8 24. Rfd1 Rb8 25. a5 Be8 26. Rd4 1-0

[Event "Montcalm III 2002-03"]
[Site "Quebec CAN"]
[Date "2002.12.05"]
[Round "3"]
[White "Lessard, Claude"]
[Black "Martineau, Michel"]
[Result "0-1"]
[WhiteElo "1953"]
[BlackElo "1861"]
[PlyCount "40"]
[EventDate "2002.11.21"]
[EventType "swiss"]
[EventRounds "5"]
[EventCountry "CAN"]

1. d4 g6 2. e4 Bg7 3. Nf3 c6 4. Bd3 d5 5. exd5 cxd5 6. h3 Nc6 7. O-O Nh6 8. Bf4
O-O 9. c3 f6 10. Bxh6 Bxh6 11. Re1 Qc7 12. c4 Nb4 13. cxd5 Kg7 14. Nc3 Nxd3 15.
Qxd3 Bf5 16. Qe2 Rfe8 17. g4 Bd7 18. Ne4 Bf4 19. Nc5 Rad8 20. Qb5 Bxb5 0-1

[Event "Montcalm III 2002-03"]
[Site "Quebec CAN"]
[Date "2002.12.05"]
[Round "3"]
[White "Saint Amand, Paul"]
[Black "Boudreau, Daniel"]
[Result "1/2-1/2"]
[WhiteElo "2109"]
[BlackElo "1953"]
[PlyCount "47"]
[EventDate "2002.11.21"]
[EventType "swiss"]
[EventRounds "5"]
[EventCountry "CAN"]

1. e4 d6 2. d4 Nf6 3. Nc3 g6 4. f4 Bg7 5. Nf3 c5 6. Bb5+ Bd7 7. e5 Ng4 8. h3
Bxb5 9. Nxb5 cxd4 10. Qxd4 Nh6 11. O-O Nc6 12. Qf2 dxe5 13. fxe5 O-O 14. Bf4 a6
15. Rad1 Qa5 16. Nc3 Rad8 17. g4 f5 18. exf6 exf6 19. Bd6 Rfe8 20. Rd5 b5 21.
Qc5 Rc8 22. Qf2 Nf7 23. Bg3 Bh6 24. Re1 1/2-1/2